• 首页
  • 本馆介绍
  • 公告通知
  • 最新文献
  • 馆藏检索
  • 电子资源
  • 读者导购
  • 参考咨询
  • 我的图书馆
  • 登录
  • 详细信息显示
  • 放入我的书架
  • 预约/预借图书
  • 作者相关作品
  • 分类相关作品
  • 丛书相关作品
  • 出版社相关作品

书目信息

  • 表格格式
  • 工作单格式
  • 卡片格式
题名:
实用会场扩声
    
 
作者: 王季卿 编著
分册:  
出版信息: 北京   科学出版社  1980
页数: 343页
开本: 19cm
丛书名:
单 册:
中图分类: TN912.1
科图分类:
主题词: 扩声系统 , 电声技术 , 语音数据处理
电子资源:
ISBN:
000 00720nam0 2200265 45
001 0180006106
005 20060814143515.48
010    @dCNY1.15
091    @a13031.1207
100    @a19950511d1980 em y0chiy0121 ea
101 0  @achi
102    @aCN@b110000
105    @ay z 000yy
200 10 @a实用会场扩声@Ashi yong hui chang kuo sheng@f王季卿等编著@FWang Ji Qing Deng Bian Zhu
210    @a北京@c科学出版社@d1980
215    @a343页@d19cm
517 1  @a会场扩声@Ahui chang kuo sheng
606    @a扩声系统
606 0  @a电声技术
606 0  @a语音数据处理
690    @aTN912.1
701  0 @a王季卿@4编著
801  2 @aCN@bNLC@c20060814
801  0 @aCN@b上海图书馆@c20040517
905    @f1@b163991@dTN912.1@e24
    
    实用会场扩声/王季卿等编著.-北京:科学出版社,1980
    343页;19cm
    
    
    ISBN :CNY1.15
    
●
相关链接 在E读中查询图书 在五车中查询图书 在当当中查询图书 在豆瓣中查询图书


正题名:实用会场扩声     索取号:TN912.1/24         预约/预借

序号 登录号 条形码 馆藏地/架位号 状态 备注
1 0163991   000701271   第二样本阅览室/ [索取号:TN912.1/24] 在馆    
2 0458181   204581817   密集书库/ [索取号:TN912.1/24] 在馆    
唐山师范学院图书馆 欢迎您!
大连网信软件有限公司© 版权所有